zpět

Detail výsledku týmu

Klub Tyjátr, Svitavy

Datum a čas kvízu

31 Celkem bodů Celkový počet nahraných bodů na tomto kvízu bez doplňovacích otázek.
4. Pořadí na kvízu Konečné umístění týmu na tomto kvízu.

Zaznamenané odpovědi

# Otázka Odpověď Body Výsledky
1. Kandidátka SPOLU do červnových... Hayato Okamura 1
2. Minulý týden jsme se dozvěděli... na Novém Zélandu 0
3. Česká národní banka vydala stř... Bedřich Smetana 1
4. Společnost Euronet, která prov... Janek Rubeš 1
5. Jak se jmenuje dosavadní šéf Č... Ivo Kaderka 1
6. Napište český i latinský název... kost stehenní, femur (os femoris) 1
7. Ve kterém kraji České republik... v Královéhradeckém 1
8. Antropoložce Brennanové, hlavn... Temperance 0
9. Která párová kost u psů a koní... klíční kost (clavicula) 1
10. V září roku 2012 byla pod park... Richard III. 0